zpět

Detail výsledku týmu

Pod Obrazem, Krnov

Datum a čas kvízu

23 Celkem bodů Celkový počet nahraných bodů na tomto kvízu bez doplňovacích otázek.
7. Pořadí na kvízu Konečné umístění týmu na tomto kvízu.

Zaznamenané odpovědi

# Otázka Odpověď Body Výsledky
1. Sociální demokraté si na svém... Ondřej Veselý, Michal Šmarda, Jana Maláčová, Tomáš Petříček, Roman Onderka 0
2. Jeden z favoritů prezidentskýc... Zuzana Čaputová 0
3. Dlouho očekávané tmavé téma do... Messenger 1
4. Irský oděvní řetězec, populárn... Primark 1
5. Celkové pořadí Světového pohár... Mikaela Shiffrinová 1
6. Karlovy Vary, Kutná Hora, Klad... Klatovy 1
7. Oganesson, xenon, radon, argon... neon 1
8. Babiš, Sobotka, Zeman, Topolán... Josef Tošovský 0
9. Bohdalová, Kubišová, Rettigová... Milada Horáková 0
10. Komedie omylů, Zkrocení zlé že... Mnoho povyku pro nic 0